Boxers by Picture - Statistics

General Stats
  • This quiz has been taken 1,118 times
    648 since last reset
  • The average score is 9 of 15
Answer Stats
Picture Answer % Correct
Mike Tyson
99%
Muhammad Ali
99%
Floyd Mayweather
88%
Manny Pacquiao
80%
George Foreman
74%
Jake Paul
73%
Evander Holyfield
70%
Lennox Lewis
63%
Rocky Marciano
58%
Joe Frazier
55%
Oscar De La Hoya
47%
Joe Louis
42%
Buster Douglas
34%
Jake LaMotta
21%
Leon Spinks
18%
No matching quizzes found
Score Distribution
Percent of People with Each Score
Percentile by Number Answered
Your Score History
You have not taken this quiz since the last reset